000 00752nam a2200229 i 4500
001 108185
003 ES-MaACL
005 20250712062548.0
007 t|
008 061121s1968 sp r ||||1| spa d
100 1 _aMontañés Fontenla, Luis.
_982396
245 1 0 _aRelojes españoles /
_cLuis Montañés Fontenla ; con narración y saludos previos de Camilo José Cela.
250 _a2ª ed. refundida y puesta al día.
260 _aMadrid :
_bPrensa Española,
_c1968.
300 _aXVI, 144 p., 70 lám. col. ;
_c22 cm.
490 1 _aLos tres dados
650 4 _aRelojes-
_zEspaña.
_916840
700 1 _aCela, Camilo José,
_d1916-2002
_937336
830 1 _aLos tres dados
_9181533
852 4 _aES-MaACL
_jC-34968
999 _c108185
_d108185